00454nam a22001337a 4500008004100000040001800041041000800059100002200067245008200089260007000171300001800241490003400259500002700293130821s1869 fr gr fre  aCo-BoUCMbspa00afre aMarcellin, Ammien00aJornandès FrontinbLes stratagèmes Végèce, ModestuscAmmien Marcellin aParís (Francia)bChez Firmion Didot Frères, Fils et Ciec1869 a820 páginas aCollection des Auteurs Latins aNotas al pie del texto